000 00396 a2200145 4500
999 _c4440
_d4440
020 _a089227408
050 _aPL8014 MUF 1999
100 _aMufuka, Ken
245 _aMatters of Conscience:
_bThe Killers of the dream /
_cKen Mufuka
264 _aGweru
_bMambo Press
_c1999
300 _avi, 172p. :
500 _aAfrican literature
650 _aAfrican literature
942 _2lcc
_cBK
_h8014
_iMUF
_kPL